000 00313nam a22001337a 4500
008 170929b xxu||||| |||| 00| 0 eng d
020 _a0023692502
041 _aeng
080 _a37
100 _a47
101 _aEDU
245 _aHOW TO READ RESEARCH AND UNDERSTANDT
_cLEEDY.P.D
942 _2udc
_cBK
999 _c30888
_d30888